El secreto del espectro (Record no. 173932)

MARC details
000 -LEADER
campo de control de longitud fija 00957nam a2200241 i 4500
001 - NÚMERO DE CONTROL
campo de control 173932
003 - IDENTIFICADOR DE NÚMERO DE CONTROL
campo de control ES-MaACL
005 - FECHA Y HORA DE LA ÚLTIMA TRANSACCIÓN
campo de control 20230906215408.0
008 - DATOS DE LONGITUD FIJA--INFORMACIÓN GENERAL
campo de control de longitud fija 100129s2006 mx a |||| | spa d
020 ## - NÚMERO INTERNACIONAL ESTÁNDAR DEL LIBRO
Número Internacional Estándar del Libro 978-968-5882-13-2
080 ## - NÚMERO DE LA CLASIFICACIÓN DECIMAL UNIVERSAL
Número de la Clasificación Decimal Universal 537.86
245 03 - MENCIÓN DEL TÍTULO
Título El secreto del espectro
Resto del título : historia, descripción y análisis del espectro electromagnético /
Mención de responsabilidad, etc. Alberto Mariano Vázquez de la Cerda, editor.
260 ## - PUBLICACIÓN, DISTRIBUCIÓN, ETC.
Lugar de publicación, distribución, etc. Oaxaca :
Nombre del editor, distribuidor, etc. Universidad Tecnológica de la Mixteca,
Fecha de publicación, distribución, etc. [2006?]
300 ## - DESCRIPCIÓN FÍSICA
Extensión 62 p. :
Otras características físicas il. col. y n. ;
Dimensiones 26 cm.
490 1# - MENCIÓN DE SERIE
Mención de serie Cuadernos de divulgación técnica y científica ;
Designación de volumen o secuencia 1
504 ## - NOTA DE BIBLIOGRAFÍA, ETC.
Nota de bibliografía, etc. Referencias bibliográficas.
650 #4 - PUNTO DE ACCESO ADICIONAL DE MATERIA--TÉRMINO DE MATERIA
Término de materia o nombre geográfico como elemento de entrada Ondas electromagnéticas.
9 (RLIN) 136618
700 1# - ENTRADA AGREGADA--NOMBRE PERSONAL
Nombre de persona Vázquez de la Cerda, Alberto Mariano.
9 (RLIN) 142074
710 2# - ENTRADA AGREGADA--NOMBRE DE ENTIDAD CORPORATIVA
Nombre de entidad corporativa o nombre de jurisdicción como elemento de entrada Universidad Tecnológica de la Mixteca.
9 (RLIN) 142075
830 0# - PUNTO DE ACCESO ADICIONAL DE SERIE-TÍTULO UNIFORME
Título uniforme Cuadernos de divulgación técnica y científica ;
Designación de volumen o secuencia 1
9 (RLIN) 189267
852 4# - LOCALIZACIÓN
Ubicación BA
Número de control de estantería 2279-F-17
Holdings
Estatus retirado Estado de pérdida Estado de daño No para préstamo Colección Biblioteca de origen Biblioteca actual Ubicación en estantería Fecha de adquisición Fuente de adquisición Total de préstamos Signatura topográfica completa Código de barras Visto por última vez Precio de reemplazo Tipo de ítem Koha
        Colección de folletos Biblioteca del Ateneo de Madrid Biblioteca del Ateneo de Madrid Depósito folletos 29/01/2010     2279-F-17 1182574 23/02/2023 23/02/2023 Folleto